[Event "Dortmund op-A"]
[Site "Dortmund"]
[Date "1993.??.??"]
[Round "11"]
[White "Chernosvitov, Alexander"]
[Black "Boehle, Lars"]
[Result "1-0"]
[WhiteElo "2390"]
[BlackElo "2345"]
[PlyCount "89"]
[EventDate "1993.04.??"]
[EventType "swiss"]
[EventRounds "11"]
[EventCountry "GER"]
[SourceTitle "TD"]
[Source "ChessBase"]
[SourceDate "1994.03.01"]
[SourceVersion "1"]
[SourceVersionDate "1994.03.01"]
[SourceQuality "1"]

1. d4 Nf6 2. c4 c5 3. d5 b5 4. f3 bxc4 5. e4 d6 6. Na3 g6 7. Ne2 Bg7 8. Nc3 0-0 9. Nxc4 Ba6 10. Be2 Bxc4 11. Bxc4 Nbd7 12. f4 Rb8 13. 0-0 Rb4 14. Qe2 Qc7 15. a3 Rbb8 16. Ra2 Nb6 17. Bb5 e6 18. Rd1 Qe7 19. a4 exd5 20. exd5 Qxe2 21. Bxe2 Rfe8 22. Bb5 Re7 23. Kf2 Ne4+ 24. Nxe4 Rxe4 25. Kf3 Rd4 26. Rxd4 Bxd4 27. Ke4 Kg7 28. g4 Rb7 29. Bc6 Re7+ 30. Kd3 Re1 31. Bd2 Rh1 32. a5 Nc8 33. b4 Rxh2 34. b5 Rh3+ 35. Kc4 Rh1 36. Bb7 Ne7 37. b6 axb6 38. a6 b5+ 39. Kxb5 Rb1+ 40. Kc4 h5 41. a7 hxg4 42. a8Q g3 43. Qe8 g2 44. Ra8 Kh6 45. Qxe7 1-0

[Event "Dortmund op-A"]
[Site "Dortmund"]
[Date "1993.??.??"]
[Round "8"]
[White "Gebhardt, Ulrich"]
[Black "Chernosvitov, Alexander"]
[Result "0-1"]
[WhiteElo "2245"]
[BlackElo "2390"]
[PlyCount "58"]
[EventDate "1993.04.??"]
[EventType "swiss"]
[EventRounds "11"]
[EventCountry "GER"]
[SourceTitle "TD"]
[Source "ChessBase"]
[SourceDate "1994.03.01"]
[SourceVersion "1"]
[SourceVersionDate "1994.03.01"]
[SourceQuality "1"]

1. d4 d5 2. c4 dxc4 3. Nf3 c5 4. e3 e6 5. Bxc4 Nf6 6. 0-0 a6 7. a4 Nc6 8. Qe2 Qc7 9. Nc3 Be7 10. dxc5 Bxc5 11. e4 Nd4 12. Nxd4 Bxd4 13. Bg5 Bd7 14. Rac1 Qe5 15. Be3 Bxc3 16. Rxc3 0-0 17. Bd3 Rac8 18. f4 Qa5 19. Rxc8 Rxc8 20. e5 Nd5 21. Bd2 Qxa4 22. f5 Qd4+ 23. Kh1 exf5 24. Bxf5 Bxf5 25. Rxf5 Re8 26. Qh5 g6 27. Qg5 Qxb2 28. Kg1 Qd4+ 29. Kf1 Qd3+ 0-1

[Event "Voskresensk"]
[Site "Voskresensk"]
[Date "1992.??.??"]
[Round "?"]
[White "Anastasian, Ashot"]
[Black "Chernosvitov, Alexander"]
[Result "1-0"]
[WhiteElo "2490"]
[BlackElo "2405"]
[PlyCount "95"]
[EventDate "1992.??.??"]
[EventType "tourn"]
[EventRounds "11"]
[EventCountry "RUS"]
[EventCategory "9"]
[SourceTitle "CBM 031"]
[Source "ChessBase"]
[SourceDate "1992.12.01"]
[SourceVersion "1"]
[SourceVersionDate "1992.12.01"]
[SourceQuality "1"]

1. Nf3 e6 2. g3 f5 3. Bg2 Nf6 4. 0-0 c6 5. c4 d5 6. cxd5 exd5 7. b3 Bd6 8. e3 0-0 9. Bb2 Qe7 10. d3 a5 11. a3 Na6 12. Nbd2 Bd7 13. Qc2 Rfe8 14. Rfe1 Nc5 15. Bc3 Kh8 16. Rab1 Ne6 17. e4 fxe4 18. dxe4 Bxa3 19. exd5 Nxd5 20. Ba1 Qc5 21. Nc4 Bb4 22. Re4 Nf8 23. Rh4 Qe7 24. Nfe5 Qe6 25. Bxd5 cxd5 26. Nxd7 Qg6 27. Bxg7+ Qxg7 28. Nxf8 Rxf8 29. Ne5 Ra6 30. Rd1 Rd6 31. Rdd4 Be1 32. Nd3 Rc6 33. Qe2 Bc3 34. Rxd5 Bf6 35. Re4 Qf7 36. Rb5 b6 37. Ne5 Bxe5 38. Rbxe5 Qxb3 39. Re7 Rc1+ 40. Kg2 Rc5 41. Qg4 Qg8 42. Qd7 Qg6 43. Qd4+ Kg8 44. Rg4 Rg5 45. Ree4 h5 46. Rxg5 Qxg5 47. Qxb6 Qf5 48. Qd4 1-0

[Event "Berliner Sommer 10th"]
[Site "Berlin"]
[Date "1992.??.??"]
[Round "?"]
[White "Chernosvitov, Alexander"]
[Black "Kovalev, Andrei"]
[Result "1-0"]
[WhiteElo "2405"]
[BlackElo "2580"]
[PlyCount "78"]
[EventDate "1992.08.??"]
[EventType "swiss"]
[EventRounds "9"]
[EventCountry "GER"]
[SourceTitle "EXT 1998"]
[Source "ChessBase"]
[SourceDate "1997.11.17"]
[SourceVersion "1"]
[SourceVersionDate "1997.11.17"]
[SourceQuality "1"]

1. d4 Nf6 2. c4 g6 3. Nc3 Bg7 4. e4 0-0 5. Be3 d6 6. f3 Nbd7 7. Nh3 c6 8. Qd2 a6 9. Nf2 b5 10. Be2 e5 11. d5 b4 12. Nb1 cxd5 13. cxd5 Nh5 14. Qxb4 Nf4 15. Bf1 Qg5 16. Kd2 Rb8 17. Qa3 Nb6 18. Nc3 Qd8 19. b3 f5 20. Rc1 fxe4 21. fxe4 Nxg2 22. Bxg2 Rxf2+ 23. Bxf2 Qg5+ 24. Be3 Qxg2+ 25. Kd3 a5 26. Qxa5 Nd7 27. b4 Bb7 28. Qc7 Ba6+ 29. b5 Rxb5 30. Nxb5 Bxb5+ 31. Kc3 Qxe4 32. Rhe1 Qa4 33. Rc2 e4+ 34. Kd2 Qb4+ 35. Kd1 h5 36. Bd2 Qb1+ 37. Bc1 Nc5 38. Qxd6 Nd3 39. Qxg6 Nf2+ 1-0

[Event "Berliner Sommer 10th"]
[Site "Berlin"]
[Date "1992.??.??"]
[Round "?"]
[White "Chernosvitov, Alexander"]
[Black "Maxion, Dirk"]
[Result "1-0"]
[WhiteElo "2405"]
[BlackElo "2265"]
[PlyCount "55"]
[EventDate "1992.08.??"]
[EventType "swiss"]
[EventRounds "9"]
[EventCountry "GER"]
[SourceTitle "EXT 1998"]
[Source "ChessBase"]
[SourceDate "1997.11.17"]
[SourceVersion "1"]
[SourceVersionDate "1997.11.17"]
[SourceQuality "1"]

1. d4 Nf6 2. c4 g6 3. Nc3 Bg7 4. e4 d6 5. f3 0-0 6. Be3 e5 7. d5 c6 8. Bd3 cxd5 9. cxd5 a6 10. Qd2 Nh5 11. Nge2 f5 12. exf5 gxf5 13. 0-0 Nd7 14. Bxf5 Rxf5 15. g4 Rf8 16. gxh5 e4 17. h6 Bh8 18. Nxe4 Ne5 19. Nf4 Nc4 20. Qg2+ Kf7 21. Ng5+ Ke8 22. Rae1 Be5 23. Nd3 Nxe3 24. Rxe3 Qb6 25. Qf2 Kd8 26. Nxe5 dxe5 27. Rxe5 Qg6 28. Qc5 1-0

[Event "Protvino"]
[Site "Protvino"]
[Date "1992.??.??"]
[Round "?"]
[White "Donchenko, Anatoly G"]
[Black "Chernosvitov, Alexander"]
[Result "0-1"]
[WhiteElo "2385"]
[BlackElo "2405"]
[PlyCount "108"]
[EventDate "1992.??.??"]
[EventType "tourn"]
[EventRounds "13"]
[EventCountry "RUS"]
[EventCategory "6"]
[SourceTitle "EXT 1997"]
[Source "ChessBase"]
[SourceDate "1996.11.15"]
[SourceVersion "1"]
[SourceVersionDate "1996.11.15"]
[SourceQuality "1"]

1. c4 e6 2. Nf3 d5 3. d4 Nf6 4. Nc3 c6 5. e3 Nbd7 6. Qc2 Bd6 7. b3 0-0 8. Bb2 Qe7 9. Be2 b6 10. 0-0 Bb7 11. e4 dxe4 12. Nxe4 Nxe4 13. Qxe4 Rae8 14. Rad1 f5 15. Qd3 Rd8 16. Qe3 c5 17. Ng5 Rfe8 18. Bf3 cxd4 19. Qxd4 Qxg5 20. h4 Qg6 21. Bxb7 Nc5 22. Bc6 Bh2+ 23. Kxh2 Rxd4 24. Rxd4 Rc8 25. Bf3 e5 26. Rd5 e4 27. Be2 h6 28. Rfd1 f4 29. h5 Qf7 30. Bg4 Re8 31. Kg1 e3 32. Bf3 Ne4 33. fxe3 fxe3 34. Rd7 Re7 35. Rxe7 Qxe7 36. Bd4 Ng3 37. Re1 Nf5 38. Bc3 Qh4 39. Re2 Kh7 40. Be5 Qg5 41. Bc3 Ng3 42. Re1 e2 43. Bd4 Qh4 44. Bc3 Qf4 45. Kf2 Ne4+ 46. Kxe2 Nxc3+ 47. Kd3 Qf6 48. a3 g5 49. hxg6+ Kg7 50. Kc2 Na2 51. Kb1 Qc3 52. Re7+ Kf6 53. g7 Qxb3+ 54. Ka1 Qc3+ 0-1

[Event "Voskresensk"]
[Site "Voskresensk"]
[Date "1992.??.??"]
[Round "?"]
[White "Iuldachev, Saidali"]
[Black "Chernosvitov, Alexander"]
[Result "1/2-1/2"]
[WhiteElo "2370"]
[BlackElo "2405"]
[PlyCount "36"]
[EventDate "1992.??.??"]
[EventType "tourn"]
[EventRounds "11"]
[EventCountry "RUS"]
[EventCategory "9"]
[SourceTitle "CBM 031"]
[Source "ChessBase"]
[SourceDate "1992.12.01"]
[SourceVersion "1"]
[SourceVersionDate "1992.12.01"]
[SourceQuality "1"]

1. e4 c5 2. Nf3 e6 3. d3 Nc6 4. g3 d5 5. Qe2 Nf6 6. Bg2 Be7 7. 0-0 0-0 8. e5 Ne8 9. c4 f5 10. exf6 Bxf6 11. h4 dxc4 12. dxc4 Nd4 13. Nxd4 Bxd4 14. Nd2 e5 15. Ne4 Nf6 16. Bg5 Be6 17. Rad1 Qb6 18. b3 Kh8 1/2-1/2

[Event "Voskresensk"]
[Site "Voskresensk"]
[Date "1992.??.??"]
[Round "?"]
[White "Kholmov, Ratmir D"]
[Black "Chernosvitov, Alexander"]
[Result "1-0"]
[WhiteElo "2485"]
[BlackElo "2405"]
[PlyCount "79"]
[EventDate "1992.??.??"]
[EventType "tourn"]
[EventRounds "11"]
[EventCountry "RUS"]
[EventCategory "9"]
[SourceTitle "CBM 031"]
[Source "ChessBase"]
[SourceDate "1992.12.01"]
[SourceVersion "1"]
[SourceVersionDate "1992.12.01"]
[SourceQuality "1"]

1. e4 d6 2. d4 Nf6 3. Nc3 e5 4. Nf3 Nbd7 5. Bc4 Be7 6. 0-0 0-0 7. a4 c6 8. Re1 Qc7 9. a5 Re8 10. h3 exd4 11. Nxd4 g6 12. Bf4 Bf8 13. Qd2 Nc5 14. f3 Ne6 15. Be3 Bg7 16. Qf2 Qb8 17. Rad1 Bd7 18. g4 b5 19. axb6 axb6 20. Nxe6 Bxe6 21. Bf1 b5 22. Bf4 Rd8 23. Rd2 Ne8 24. Nd1 Ra1 25. Bg5 Rc8 26. f4 Qa7 27. f5 Qxf2+ 28. Kxf2 Bd7 29. Bf4 Bf8 30. Ne3 Rxe1 31. Kxe1 f6 32. c4 g5 33. Bg3 b4 34. c5 d5 35. exd5 Bxc5 36. Bc4 Kg7 37. dxc6 Bxc6 38. Ke2 Ra8 39. Bd5 Bb5+ 40. Kf3 1-0

[Event "Protvino"]
[Site "Protvino"]
[Date "1992.??.??"]
[Round "?"]
[White "Makarjev, Ilja"]
[Black "Chernosvitov, Alexander"]
[Result "1/2-1/2"]
[WhiteElo "2335"]
[BlackElo "2405"]
[PlyCount "92"]
[EventDate "1992.??.??"]
[EventType "tourn"]
[EventRounds "13"]
[EventCountry "RUS"]
[EventCategory "6"]
[SourceTitle "EXT 1997"]
[Source "ChessBase"]
[SourceDate "1996.11.15"]
[SourceVersion "1"]
[SourceVersionDate "1996.11.15"]
[SourceQuality "1"]

1. c4 c6 2. d4 d5 3. cxd5 cxd5 4. Nf3 Nf6 5. Nc3 Nc6 6. Bf4 Bf5 7. e3 e6 8. Qb3 Bb4 9. Bb5 0-0 10. 0-0 Bxc3 11. Qxc3 Rc8 12. Rac1 Qb6 13. Qc5 Nxd4 14. Qxb6 Nxf3+ 15. gxf3 axb6 16. Bd6 Rxc1 17. Rxc1 Ra8 18. Rc7 h5 19. a3 Ne8 20. Bxe8 Rxe8 21. Rxb7 Rc8 22. Rxb6 Rc1+ 23. Kg2 h4 24. h3 Bd3 25. Kh2 Rc2 26. Rb4 Bf1 27. Kg1 Be2 28. Kg2 f6 29. Rxh4 Rxb2 30. Ra4 Rb6 31. Bc5 Ra6 32. Rb4 e5 33. Rb2 Bc4 34. Rb8+ Kh7 35. Rb7 Kg8 36. h4 Ra4 37. Kg3 Be2 38. Rd7 Bc4 39. Bb4 Ra8 40. f4 e4 41. Rc7 Bb3 42. Kg4 Kh7 43. Kf5 Kh6 44. Rc3 Ba2 45. Kg4 Bc4 46. Kg3 Kg6 1/2-1/2